| 000 | 00343nam a2200133Ia 4500 | ||
|---|---|---|---|
| 008 | 191201s2005 xx 000 0 und d | ||
| 082 |
_a621.34 _bLOF |
||
| 100 | _aLONNGERN, Karl E | ||
| 245 | 0 | _aFundamental of Electromagnetics with MATLAB | |
| 260 |
_aN.Delhi _bPrentice Hall _c2005 |
||
| 300 | _a639 | ||
| 650 | _aB.Tech(IT) | ||
| 942 |
_2ddc _cBK |
||
| 999 |
_c3267 _d3267 |
||